000 01491nam0a2200361 4500
001 RU\NLR\BIBL_A\022581778
005 20260420050534.0
010 _a978-5-9614-3376-0
_bСерия "Стихи для детей"
010 _a978-5-9614-9932-2
_92000
021 _aRU
_bКН-П-25-027705
_9КН-П-25-2744
035 _a(NLR Aleph) 022581778
090 _a13677266
_c13677266
100 _a20250708d2025 u y0rusy50 ca
101 1 _arus
_cfre
102 _aRU
105 _aa z 000gy
181 0 _ab3
_bbb2e
181 0 _ai2
_baxxe
182 0 _an
200 1 _aСамый любимый папа
_eстихи для детей
_e[для чтения взрослыми детям
_eдля детей от 3 лет]
_fКапусин Левалль, Мод Легран
_g[перевод с французского Евгении Перловой
_gил. Мод Легран]
203 _aИзображение
_aТекст
_bвизуальные
_cнепосредственные
210 _aМосква
_cАльпина Паблишер, Альпина.Дети
_d2025
215 _a[29] с.
_cцв. ил.
_d22
333 _a0+; 3+
686 0 _aШ9(4Фр)60-4
700 1 _7ca
_8rus
_aЛеваль
_bК.
_f1980-
_gКапусин
_92674043
_3RU\NLR\AUTH\770283272
701 1 _aЛегран
_bМ.
_gМод
942 _cBOOK
980 _aNB